000
00220nam a22000857a 4500
008
160630b xxu||||| |||| 00| 0 eng d
100
_9
1580
_a
Dreamland Publication
245
_a
Hop O'my Thumb
260
_a
New delhi
_b
Dreamland
999
_c
1309
_d
1309